| 000 | 00947cam a2200265u 4500 | ||
|---|---|---|---|
| 001 | 000026187 | ||
| 005 | 20200930024357.0 | ||
| 008 | 860227s1979 ve 000 |bspa | ||
| 020 | _a8479533188 | ||
| 040 |
_aDO-SdBNP _cspa _dBNPHU |
||
| 082 |
_axxx _bM392g |
||
| 100 | 1 |
_aMarx, Carlos, _935992 |
|
| 245 | 1 | 3 |
_aLa guerra civil en Francia / _cCarlos Marx. |
| 246 | 0 | 3 | _aLa revolución proletaria y el renegado Kaustry |
| 246 | 0 | 3 | _aLa toma poder |
| 250 | _a2a ed. | ||
| 260 |
_aCaracas : _bAteneo de Caracas, _c1979. |
||
| 300 |
_a330 p. ; _c23 cm. |
||
| 490 | 1 |
_aClásicos de la Política _v2 |
|
| 505 |
_tLa guerra civil en Francia / _rCarlos Marx _tLa revolución proletaria y el renegado Kaustry / _rVladimir I. Lenin _tLa toma poder / _rMoisés Moleiro |
||
| 534 |
_aTítulo original : _aThe witch and the warrior. |
||
| 700 | 1 |
_aCarmona Mencía, Carmen , _etr. _953193 |
|
| 830 | 0 |
_aClásicos de la Política, _v2 _953199 |
|
| 049 | _aBNGR | ||
| 999 |
_c25679 _d25679 |
||